000 00242nam a22000977a 4500
008 160506b xxu||||| |||| 00| 0 eng d
041 _aeng
080 _a61
245 _aMedical and health annual:
_cEncylopaedia britannica INC;
942 _2udc
_cBK
999 _c1877
_d1877